00450nam a22001577a 450000500170000001000150001702000260003203500130005803700130007108200060008410000210009024500500011126000410016127000690020230000210027120130822143954.0 aENG-107882 c299.00a9788184001730 aEN-91415 bDBAD/PUB aN aHanif , Mohammed00aOur lady of Alice Bhatti /cby Hanif Mohammed aNoidabRandom House Publishersc2012 aWindsor IT Park, 7th Floor, Tower-B, A-1, Sec-125bNoidae201301 a339p.c20cm(pbk)